Dodawanie kolejnych liczb naturalnych - Statystyki

Ogólne statystyki
  • Ten quiz został rozwiązany 65 razy
  • Średni wynik to 36 z 45
Statystyki odpowiedzi
Liczba Wynik % Poprawnych
0+1 1
100%
poprzedni wynik+4 10
100%
poprzedni wynik+5 15
100%
poprzedni wynik+6 21
100%
poprzedni wynik+2 3
100%
poprzedni wynik+3 6
100%
poprzedni wynik+7 28
98%
poprzedni wynik+8 36
98%
poprzedni wynik+9 45
98%
poprzedni wynik+10 55
98%
poprzedni wynik+11 66
96%
poprzedni wynik+14 105
92%
poprzedni wynik+12 78
92%
poprzedni wynik+13 91
92%
poprzedni wynik+15 120
90%
poprzedni wynik+16 136
88%
poprzedni wynik+17 153
87%
poprzedni wynik+18 171
87%
poprzedni wynik+19 190
87%
poprzedni wynik+20 210
87%
poprzedni wynik+21 231
85%
poprzedni wynik+22 253
85%
poprzedni wynik+23 276
85%
poprzedni wynik+24 300
83%
poprzedni wynik+25 325
81%
poprzedni wynik+26 351
81%
poprzedni wynik+27 378
81%
poprzedni wynik+28 406
79%
poprzedni wynik+29 435
77%
poprzedni wynik+30 465
77%
poprzedni wynik+31 496
77%
poprzedni wynik+32 528
71%
poprzedni wynik+33 561
65%
poprzedni wynik+34 595
65%
poprzedni wynik+35 630
65%
poprzedni wynik+36 666
63%
poprzedni wynik+37 703
56%
poprzedni wynik+38 741
56%
poprzedni wynik+39 780
56%
poprzedni wynik+40 820
54%
poprzedni wynik+41 861
54%
poprzedni wynik+42 903
54%
poprzedni wynik+43 946
52%
poprzedni wynik+44 990
52%
poprzedni wynik+45 1035
48%
Nie znaleziono quizów pasujących do podanych kryteriów
Rozkład punktacji
Procent ludzi z każdym wynikiem
Percentyl według liczby udzielonych odpowiedzi
Twoja historia wyników
Nie rozwiązałeś tego quizu